000 00540nam a2200193 a 4500
001 1773825107508
003 YourLibrary
005 20260318144535.0
008 260318s1993##################000#0#eng##
020 _a9780892030750
082 0 4 _a362.18091734WOR
100 1 _aSurgeons, American Academy of Orthopaedic,
_eauthor.
245 1 0 _aRural Rescue and Emergency Care :
260 _bJones & Bartlett Learning,
_c1993.
300 _a388 pages
650 0 _aMedical.
942 _cENGLISH
040 _aYourLibrary
_beng
_cYourLibrary
999 _c617874
_d617874